| 000 | 01174cam a22003257a 4500 | ||
|---|---|---|---|
| 003 | CHAP | ||
| 005 | 20220329140112.0 | ||
| 008 | 971013s1988 r 00010 d | ||
| 010 | _a46998 | ||
| 011 | _a47970 | ||
| 035 | _a52114 | ||
| 040 | _cCHAP | ||
| 090 | _aTesis | ||
| 100 | 0 | 0 |
_aValdés López, José Juan. _9117352 |
| 245 | 0 | _aEstructura y comportamiento de la producción agrícola munndial de arroz en el período 1961-1986 | |
| 260 |
_aChapingo, Méx. : _bEl autor, _c1988 |
||
| 300 | _ac.a. 106 h. | ||
| 502 | _aTesis (Ing. Agr. Esp. en Economía Agrícola) -- UACH. Departamento de Economía Agrícola | ||
| 590 |
_aALEPH _b10 _c20130110 _lUCH01 _h1316 |
||
| 590 |
_aBATCH-UPD _b10 _c20130110 _lUCH01 _h2026 |
||
| 590 |
_aBATCH-UPD _b10 _c20130410 _lUCH01 _h1344 |
||
| 590 |
_aBATCH-UPD _b10 _c20130914 _lUCH01 _h0409 |
||
| 590 |
_aCONVERSION _b10 _c20130109 _lUCH01 _h1326 |
||
| 650 | 1 | 4 |
_aArroz _xMercadeo. _97632 |
| 650 | 1 | 4 |
_aArroz _xRendimiento. _97651 |
| 790 | _aPrograma de Investigación sobre el Uso del Microcomputador PC, en el Análisis de Economía Agrícola | ||
| 901 | _aBK | ||
| 942 | _cTESIS | ||
| 949 |
_bBC _cTES _d-116265 _eTS1 _h20664 _i52114 _si |
||
| 999 |
_c46998 _d46998 |
||